000 01224nam a2200205Ia 4500
999 _c37679
_d37679
001 3651
003 GE_BSU
005 20210222144510.0
008 181216s2010||||ge |||||||||||||| ||geo||
040 _cGE_BSU
041 _ageo
080 _a342.4(479.22) ს–32
245 _aსაქართველოს კონსტიტუცია. კანონმდებლობა საქართველოს საკონსტიტუციო სასამართლოს შესახებ :
_cგამოიცა საქ–ს საკონსტიტუციო სასამართლოს თავ–რის გიორგი პაპუაშვილის პასუხისმგებლობით. ლია ბაგაშვილი. გამოც. მუშაობდნენ: ევა ჩიკაშუა და სხვ. ლია ბაგაშვილი.
264 _aბათუმი,
_c2010.
300 _a207 გვ.;
_b21 სმ.
653 _aსამართალი
653 _aკანონმდებლობა
653 _aსაკონსტიტუციო სასამართლო
942 _cBK
_2udc